000 00655nam a2200205 i 4500
001 62849
003 ES-MaACL
005 20231229063016.0
007 t|
008 031126s1958 sp ||||1| spa d
100 1 _aFernández-Cid, Antonio,
_d1916-1995
_949578
245 1 3 _aLa música en los Estados Unidos /
_cAntonio Fernández-Cid.
260 _aMadrid :
_b[s.n.,
_c1958] (
_fImp. I.G. Magerit)
300 _a112 p. :
_bil. ;
_c19 cm.
490 1 _aColección "Estados Unidos"
650 4 _aMúsica norteamericana.
_9160046
830 1 _aColección "Estados Unidos"
_9230645
852 _aES-MaACL
_jC-16171
999 _c62849
_d62849